Intergration of the Indian states / (Record no. 134693)

MARC details
000 -LEADER
fixed length control field 00712nam a22002297a 4500
005 - DATE AND TIME OF LATEST TRANSACTION
control field 20170124110232.0
010 ## - LIBRARY OF CONGRESS CONTROL NUMBER
LC control number B-046604
020 ## - INTERNATIONAL STANDARD BOOK NUMBER
International Standard Book Number 9788125015970
Terms of availability 650.00
035 ## - SYSTEM CONTROL NUMBER
System control number B-046604
037 ## - SOURCE OF ACQUISITION
Source of stock number/acquisition Cen Lib/Ret
040 ## - CATALOGING SOURCE
Original cataloging agency DPL
Language of cataloging EN
082 ## - DEWEY DECIMAL CLASSIFICATION NUMBER
Classification number 954.085
Item number MEN
100 ## - MAIN ENTRY--PERSONAL NAME
Personal name Menon, V.P.
9 (RLIN) 14333
245 ## - TITLE STATEMENT
Title Intergration of the Indian states /
Statement of responsibility, etc by V.P. Menon
260 ## - PUBLICATION, DISTRIBUTION, ETC. (IMPRINT)
Place of publication, distribution, etc Hyderabad
Name of publisher, distributor, etc Orient Longman
Date of publication, distribution, etc 1999
270 ## - ADDRESS
Address 3-6/72, Himayat Nagar
City Hyderabad
Postal code 500029
300 ## - PHYSICAL DESCRIPTION
Extent viii,.612p.
Dimensions 23cm(Hb)
500 ## - GENERAL NOTE
General note Includes bibliographical reference and index
650 ## - SUBJECT ADDED ENTRY--TOPICAL TERM
Topical term or geographic name as entry element Political Science
9 (RLIN) 106168
650 ## - SUBJECT ADDED ENTRY--TOPICAL TERM
Topical term or geographic name as entry element Politics and Government
9 (RLIN) 106169
942 ## - ADDED ENTRY ELEMENTS (KOHA)
Source of classification or shelving scheme Dewey Decimal Classification
Koha item type English Books
Classification part 954.085
Call number suffix MEN
Holdings
Withdrawn status Lost status Damaged status Not for loan Collection code Home library Current library Date acquired Source of acquisition Cost, normal purchase price Total Checkouts Full call number Barcode Date last seen Copy number Cost, replacement price Price effective from Koha item type
      Not For Loan Reference Central Library Central Library 31/07/2015 Cen Lib/Ret 650.00   954.085 MEN B-046604 31/07/2015 1 650.00 31/07/2015 English Books

© Delhi Public Library
Hit Counter
free hit counter